01439nab a22002657a 4500999001500000003000400015005001700019008004100036040000700077100003300084245012400117260007300241300001500314500007500329505038700404505008900791650003200880650001700912650001600929650001700945650002700962650002900989773014201018942001301160 c6362d6362OSt20260131202235.0190603e xxum|||| |||| 00| 0 spa d cPJ 97013aPaniagua, Juan Manuel 10aConsideraciones particulares sobre la carga dinámica de la prueba en el proceso de daños / cJuan Manuel Paniagua.  cCiudad Autónoma de Buenos Aires :aThomson Reuters La Ley, b2025. ap. 171-178 aCita: TR LALEY AR/DOC/2803/2025 Publicado en: RCCyC 2025 (Diciembre). aSumario: I. Introducción.— II. Consideraciones preliminares.— III. La regla sobre carga de la prueba en el Cód. Proc. Civ. y Com.— IV. La regla en el Cód. Civ. y Com. en relación con la prueba de los factores de atribución.— V. La operatividad de la distribución dinámica.— VI. La circunscripción del art. 1735 del Cód. Civ. y Com.— VII. Conclusiones.  t¿Te interesa el texto completo? Solicitalo al correo: koha@justierradelfuego.gov.ar 091467aRESPONSABILIDAD CIVIL 091975aPRUEBA 091084aCULPA 0aDAÑO93331 0aDEFENSA EN JUICIO9586 0aCARGA DE LA PRUEBA939270 0271393170dCiudad Autónoma de Buenos Aires : Thomson Reuters La Ley, 2015-tRevista Código Civil y Comercial. Nº 6 - Diciembre 2025 2udccANA